000 00600nam a22002057a 4500
999 _c6398
_d6398
003 OSt
005 20191205145428.0
008 191205b ||||| |||| 00| 0 eng d
020 _a0750647922
040 _cDDC
082 _a658.4 PAT 2000
100 _aPatching, Keith; Chatham, Robina
_913120
245 _aCorporate Politics for IT Managers: how to get streetwise
260 _aOxford;
_bButterworth,
_c2000
300 _axi,314p;
_bIll:
_c25cm
504 _aAppendix, & Index included
650 _aCorporate management
_913121
650 _aInformation management
_912576
942 _2z
_cO_SHELF